| 000 | 00478nam a2200157 a 4500 | ||
|---|---|---|---|
| 001 | 000039425 | ||
| 005 | 20201002031638.0 | ||
| 008 | 130626s19uu ru 000 0 spa d | ||
| 040 |
_aDO-SdBNP _bspa _cBNPHU |
||
| 100 | 1 |
_aYajot, O. _965622 |
|
| 245 | 1 | 0 |
_a¿Qué es el materialismo dialéctico? / _cO. Yajot. |
| 260 |
_aMoscú : _bEditorial Progreso, _c[190?]. |
||
| 300 |
_a252 p ; _c21 cm. |
||
| 490 | 1 | _aManuales de divulgación | |
| 500 | _aIncluye notas al pie de las páginas | ||
| 999 |
_c38915 _d38915 |
||